| 000 | 00536cam a2200157 a 4500 | ||
|---|---|---|---|
| 008 | 040210s1988 ec 000 0 spa u | ||
| 035 | _aa435117 | ||
| 050 | 0 | 0 |
_aF3721 _bE86 1988 |
| 100 | 1 | _aEspinoza Soriano, Waldemar | |
| 245 | 1 | 0 |
_aEtnohistoria ecuatoriana : _bestudios y documentos / _cWaldemar Espinoza Soriano. |
| 260 |
_aQuito, Ecuador : _bAbya-Yala, _c1988. |
||
| 300 |
_a396 p. ; _c22 cm. |
||
| 650 | 0 |
_aIndios de América del Sur _zEcuador _xHistoria _ySiglo XVI |
|
| 650 | 0 |
_aIncas _xHistoria _ySiglo XVI |
|
| 942 |
_2lcc _cLIB |
||
| 999 |
_c63720 _d63720 |
||